000 00768nam a22002890a 4500
001 UByD001390
003 AR-LpoUNG
005 20230422102858.0
008 230420s2021||||ag |||||||||||||||||spa d
020 _a9789878512990
040 _aAR-LpoUNG
_bspa
_cAR-LpoUNG
_eaacr
041 _aspa
044 _aag
082 0 _a808.068 3 66pan
100 1 _aZiegler, Dana Florencia
245 1 3 _aLa pandilla Guau :
_ben busca de los potenciales perdidos
250 _a1ra. ed.
260 _aBuenos Aires :
_bDunken,
_c2021.
300 _a264 p.
505 0 _aSugerido a partir de 12 aƱos (etiqueta FUCSIA)
650 4 _aLITERATURA
650 4 _aARGENTINA
650 4 _aNOVELA
653 _aLITERATURA INFANTIL
905 _a53556
942 _cLIB
_2ddc
999 _c63947
_d63947